000 00785nam a2200229 i 4500
001 94528
003 ES-MaACL
005 20260112153653.0
007 t|
008 050506s1975 sp |||| | spa d
100 1 _aLo Schiavo, Aldo.
_972986
245 1 3 _aLa filosofía política de Giovanni Gentile /
_cAldo Lo Schiavo; [traducción de Dolores Palá Berdejo].
260 _aMadrid :
_bIntituto de Estudios Políticos,
_c1975.
300 _a394 p. ;
_c22 cm.
490 1 _aPensamiento político
600 1 4 _aGentile, Giovanni,
_d1875-1944
_956357
700 1 _aAguado, Lola de,
_d1922-1981
_918610
710 2 _aInstituto de Estudios Políticos (Madrid)
_94924
830 0 _aPensamiento político
_9228820
852 _aES-MaACL
_jA-5645
999 _c94528
_d94528